| 000 | 00652nam a2200205Ia 4500 | ||
|---|---|---|---|
| 003 | GCL | ||
| 008 | 140319s9999 xx 000 0 ara d | ||
| 040 |
_aGCL / _cGCL |
||
| 082 | 0 | 4 |
_a810.8 _bم م |
| 100 | 1 | _aمحمد تيمور | |
| 245 | 1 | 0 |
_aمحمد تيمور الاعمال الكاملة - مسرحية الهاوية / _cمحمد تيمور |
| 700 | 1 | _aسعد اردش | |
| 260 |
_aالقاهرة : _bدار الف للنشر |
||
| 300 |
_a127 ص ؛ _c24 سم |
||
| 650 | 0 | 4 | _aالمسرحيات |
| 650 | 0 | 4 | _aالفنون المسرحية |
| 650 | 0 | 4 | _aالتمثيل فى المسرح |
| 650 | 0 | 4 | _aالاوبريت |
| 942 |
_2ddc _cBK |
||
| 999 |
_c33112 _d33112 |
||